The Arabs and mediaeval Europe (Record no. 23354)

MARC details
000 -LEADER
fixed length control field 00409cam a2200157 i 4500
020 ## - INTERNATIONAL STANDARD BOOK NUMBER
ISBN 0582780888 :
082 00 - DEWEY DECIMAL CLASSIFICATION NUMBER
Classification number 301.2940
Author Cutter DAN
100 1# - MAIN ENTRY--AUTHOR NAME
Author name Daniel, Norman.
245 14 - TITLE STATEMENT
Title The Arabs and mediaeval Europe
250 ## - EDITION STATEMENT
Edition statement 2d ed.
260 ## - PUBLICATION, DISTRIBUTION, ETC. (IMPRINT)
Place of publication London ;
-- New York :
Name of publisher Longman,
Year of publication 1979.
300 ## - PHYSICAL DESCRIPTION
Number of Pages xiv, 385 p., [2] leaves of plates :
Other physical details ill. ;
490 0# - SERIES STATEMENT
Series statement Arab background series
942 ## - ADDED ENTRY ELEMENTS (KOHA)
Koha item type Books
Holdings
Home library Current library Shelving location Date acquired Source of acquisition Cost, normal purchase price Full call number Accession Number Koha item type
Henry Martyn Institute Library Henry Martyn Institute Library General stacks 09/08/2023 Netherlands 5876.00 301.2940 DAN 11-4743 Books
                   Copyright © 2026 | Henry Martyn Institute | Hyderabad | TS-500052 | INDIA | Implemented by hmi.edu.in
Hit-Count:

Powered by Koha